Zpravodaj Federálního ministerstva práce a sociálních věcí

Uložené v:
Podrobná bibliografia
Médium: Seriál
Jazyk:Czech
Vydavateľské údaje: Praha Fed. min. práce a soc. věcí 1987
Tagy: Pridať tag
Žiadne tagy, Buďte prvý, kto otaguje tento záznam!

MARC

LEADER 00000nas2a2200000 4500
001 s034682
005 20250730114145.4
041 0 |a cze 
044 |a CZ 
245 1 0 |a Zpravodaj Federálního ministerstva práce a sociálních věcí 
264 1 |a Praha  |b Fed. min. práce a soc. věcí  |c 1987 
773 0 |w eu_un_cat*s120948